Sistemas complejos: conceptos, método y fundamentación epistemológica de la investigación interdisciplinaria
Salvato in:
| Autore principale: | |
|---|---|
| Natura: | Libro |
| Lingua: | spagnolo |
| Pubblicazione: |
Barcelona
Gedisa
2006
|
| Edizione: | 1a. ed |
| Serie: | Filosofía de la Ciencia
|
| Soggetti: | |
| Tags: |
Aggiungi Tag
Nessun Tag, puoi essere il primo ad aggiungerne!!
|
MARC
| LEADER | 00000cam a2200000 a 4500 | ||
|---|---|---|---|
| 001 | UCG8075 | ||
| 003 | CL-VaPUC | ||
| 008 | 111118e20061000SP |||||||||||||||||spa|d | ||
| 020 | |a 9497841646 | ||
| 082 | 0 | 4 | |a 121 |b GAR |2 21 |
| 100 | |a García, Rolando |e author |9 558624 | ||
| 245 | 1 | 0 | |a Sistemas complejos: conceptos, método y fundamentación epistemológica de la investigación interdisciplinaria |
| 250 | |a 1a. ed | ||
| 300 | |a 200 p | ||
| 942 | |c BK | ||
| 945 | |d 20111118 00:00:00 |a dcastane | ||
| 260 | |a Barcelona |b Gedisa |c 2006 | ||
| 650 | 0 | |a Epistemología |9 264994 | |
| 650 | 0 | |a Teoría del conocimiento |9 255038 | |
| 650 | 7 | |a CONTRUCTIVISMO |2 CL-VaPUC |9 265334 | |
| 583 | |a last modification |c 20111118 11:09:00 |k Rodrigo Vera | ||
| 490 | 0 | |a Filosofía de la Ciencia | |
| 999 | |c 345714 |d 345712 | ||
| 952 | |0 0 |1 0 |4 0 |6 121_000000000000000_GAR_2006 |7 0 |8 A |9 445520 |a BIBING |b BIBING |d 2019-11-22 |i 4803175 |o 121 GAR 2006 |p 4803175 |r 2025-01-20 |w 2019-11-22 |y BK |k EII | ||